El testamento de Dios / (Record no. 176765)

MARC details
000 -LEADER
campo de control de longitud fija 00647nam a2200205 i 4500
001 - NÚMERO DE CONTROL
campo de control 176765
003 - IDENTIFICADOR DE NÚMERO DE CONTROL
campo de control ES-MaACL
005 - FECHA Y HORA DE LA ÚLTIMA TRANSACCIÓN
campo de control 20230906220157.0
007 - CAMPO FIJO DE DESCRIPCIÓN FÍSICA--INFORMACIÓN GENERAL
campo de control de longitud fija t|
008 - DATOS DE LONGITUD FIJA--INFORMACIÓN GENERAL
campo de control de longitud fija 110208s1980 ag ||||1| spa d
080 ## - NÚMERO DE LA CLASIFICACIÓN DECIMAL UNIVERSAL
Número de la Clasificación Decimal Universal 1Lévy, Bernard-Henri
100 1# - ENTRADA PRINCIPAL--NOMBRE DE PERSONA
Nombre de persona Lévy, Bernard-Henri.
9 (RLIN) 71996
245 13 - MENCIÓN DEL TÍTULO
Título El testamento de Dios /
Mención de responsabilidad, etc. Bernard-Henri Lévy ; traducción de Joaquim Sala-Sanahuja.
260 ## - PUBLICACIÓN, DISTRIBUCIÓN, ETC.
Lugar de publicación, distribución, etc. Buenos Aires ; Barcelona [etc.] :
Nombre del editor, distribuidor, etc. El Cid,
Fecha de publicación, distribución, etc. imp. 1980.
300 ## - DESCRIPCIÓN FÍSICA
Extensión 300 p. ;
Dimensiones 23 cm.
650 04 - PUNTO DE ACCESO ADICIONAL DE MATERIA--TÉRMINO DE MATERIA
Término de materia o nombre geográfico como elemento de entrada Filosofía-
Subdivisión cronológica S.XX.
9 (RLIN) 12826
650 #4 - PUNTO DE ACCESO ADICIONAL DE MATERIA--TÉRMINO DE MATERIA
Término de materia o nombre geográfico como elemento de entrada Monoteísmo.
9 (RLIN) 15173
700 1# - ENTRADA AGREGADA--NOMBRE PERSONAL
Nombre de persona Sala Sanahuja, Joaquín.
9 (RLIN) 145090
852 ## - LOCALIZACIÓN
Ubicación ES-MaACL
Número de control de estantería E-14227
Holdings
Estatus retirado Estado de pérdida Estado de daño No para préstamo Biblioteca de origen Biblioteca actual Ubicación en estantería Fecha de adquisición Fuente de adquisición Total de préstamos Signatura topográfica completa Código de barras Visto por última vez Precio de reemplazo Tipo de ítem Koha
        Biblioteca del Ateneo de Madrid Biblioteca del Ateneo de Madrid Depósito 2 08/02/2011     E-14227 1185657 23/02/2023 23/02/2023 Libro impreso